000 00635nam a2200217Ia 4500
005 20250508162138.0
008 008 250505s9999 xx 000 0 eng d
020 _a0-340-188561-1
037 _aTextual
040 _aFEDL
_beng
_cFEDL
041 _aeng
_2eng
084 _a157.9, STO
_qFEDL
100 _aStott D.H.
_9697402
245 0 _aTaxonomy of behaviour disturbance
260 _aLondon, UK
_bUniversity of London Press Limited
_c1975
300 _aviii,184p
650 _aAbnormal psychology
700 _a Marston N. C. Neill Sara J.
_9772424
942 _cTEXL
_h157.9, STO
999 _c1374644
_d1374644